Medúzy starnú opačne Prírodné tajomstvá dlhovekosti

Saved in:
Bibliographic Details
Main Author Brendborg, Nicklas
Format Electronic eBook
LanguageCzech
Published Grada SK 2024
Edition1. elektronické vydání
Subjects
Online AccessDostupné v BOOKPORT po přihlášení pomocí eduID
ISBN978-80-8090-806-5
978-80-8090-804-1
Physical Description1 online zdroj (224 stran)

Cover

LEADER 00000nam a2200000 i 4500
001 bkp100319
003 CZ-prgp
005 20240604131426.0
006 m o d
007 cr cn
008 240604s2024 xr o 000 0 cze
020 |a 978-80-8090-806-5  |c 457 Kč  |q (online ; epub) 
020 |a 978-80-8090-804-1  |c 537 Kč  |q (print) 
040 |a Grada  |b cze  |e rda 
100 1 |a Brendborg, Nicklas 
245 1 0 |a Medúzy starnú opačne  |b Prírodné tajomstvá dlhovekosti  |c Nicklas Brendborg 
250 |a 1. elektronické vydání 
264 1 |b Grada SK  |c 2024 
300 |a 1 online zdroj (224 stran) 
336 |a text  |b txt  |2 rdacontent 
337 |a počítač  |b c  |2 rdamedia 
338 |a online zdroj  |b cr  |2 rdacarrier 
520 3 |a Vedeli ste, že existujú medúzy, ktoré starnú opačne, stromy, ktoré žijú nerušene tisíce rokov, takmer nesmrteľné baktérie a žraloky, ktoré majú viac ako štyristo rokov? Zdá sa, že príroda so svojimi zázrakmi a záhadami skrýva tajomstvo dlhovekosti. Práve o tomto tajomstve je tento medzinárodne úspešný bestseller. 
650 0 4 |a Přírodní vědy 
856 4 0 |u https://www.bookport.cz/AccountSaml/SignIn/?idp=https://shibboleth.utb.cz/idp/shibboleth&returnUrl=/kniha/meduzy-starnu-opacne-12659/  |y Dostupné v BOOKPORT po přihlášení pomocí eduID